000 00518nam a2200181 4500
001 25377
005 20230410121022.0
008 060907n1997 dr spa
020 _a068482700X
035 _9funglode25570
041 _aEN
050 1 4 _aJK 271 D592t 1997
100 _aDionne, Jr., E. J.
245 1 _aThey only look dead :
_bwhy progressives will dominate the next political era /
_cE. J. Dionne, Jr.
260 _aNew York :
_bTouchstone Book,
_c1997
300 _a377 p.
942 _2lcc
_cbk
999 _c56308
_d56308